Report by the Comptroller and Auditor General : Ministry of Defence : the risk of fraud in property management. (Record no. 100514)

MARC details
000 -LEADER
fixed length control field 00770cam a2200229 4500
008 - FIXED-LENGTH DATA ELEMENTS--GENERAL INFORMATION
fixed length control field 000000n2000 000 0 eng u
020 ## - INTERNATIONAL STANDARD BOOK NUMBER
International Standard Book Number 0105567701
035 ## - SYSTEM CONTROL NUMBER
System control number (Sirsi) u106035
050 ## - LIBRARY OF CONGRESS CALL NUMBER
Classification number 350.713
110 ## - MAIN ENTRY--CORPORATE NAME
Corporate name or jurisdiction name as entry element United Kingdom
Subordinate unit National Audit Office
9 (RLIN) 1350
245 ## - TITLE STATEMENT
Title Report by the Comptroller and Auditor General : Ministry of Defence : the risk of fraud in property management.
260 ## - PUBLICATION, DISTRIBUTION, ETC.
Place of publication, distribution, etc. London
Name of publisher, distributor, etc. Stationery Office
Date of publication, distribution, etc. 2000
300 ## - PHYSICAL DESCRIPTION
Extent 82p. ; 30cm.
350 ## - PRICE (NR) (BK AM CF MU VM SE) [OBSOLETE]
Price 12.10
490 ## - SERIES STATEMENT
Series statement HCP
Volume/sequential designation 469
650 ## - SUBJECT ADDED ENTRY--TOPICAL TERM
Topical term or geographic name entry element DEFENCE ESTATE
650 ## - SUBJECT ADDED ENTRY--TOPICAL TERM
Topical term or geographic name entry element RISK ASSESSMENT
650 ## - SUBJECT ADDED ENTRY--TOPICAL TERM
Topical term or geographic name entry element EXPENDITURE
690 ## - LOCAL SUBJECT ADDED ENTRY--TOPICAL TERM (OCLC, RLIN)
Topical term or geographic name as entry element PROPERTY MANAGEMENT
9 (RLIN) 6262
856 ## - ELECTRONIC LOCATION AND ACCESS
Uniform Resource Identifier <a href="https://www.nao.org.uk/wp-content/uploads/2000/05/9900469.pdf">https://www.nao.org.uk/wp-content/uploads/2000/05/9900469.pdf</a>
Public note Available online from the NAO
942 ## - ADDED ENTRY ELEMENTS (KOHA)
Suppress in OPAC 0
Source of classification or shelving scheme Dewey Decimal Classification
Holdings
Withdrawn status Lost status Source of classification or shelving scheme Damaged status Not for loan Home library Current library Shelving location Date acquired Cost, normal purchase price Total Checkouts Full call number Date last seen Date last checked out Copy number Uniform Resource Identifier Cost, replacement price Price effective from Koha item type
    Dewey Decimal Classification     Virtual Virtual Online 02/06/2000 11.19 1 F350.713 05/10/2024 13/06/2000 1 https://www.nao.org.uk/wp-content/uploads/2000/05/9900469.pdf 11.19 06/08/2019 Online material